000 00556nam a22002057a 4500
003 OSt
005 20140310181758.0
008 130702t xxu||||| |||| 00| 0 eng d
020 _a1850515980
050 _aAG 195
_b.G761 1985
082 _aREF 030
_bG76 1990
245 _aFind Out About /
_cNeil,Grant;
260 _aChechoslovakia:
_bThe Hamlyn Publishing Group Limited,
_cc1990.
300 _a221p.
_bill. col.;
_c280 cm.
520 _a1. Facts
521 _aBasic ED. Students
541 _j1
562 _e1
942 _2lcc
_cBK-GR
_hREF
999 _c3528
_d3528